Páginas iniciales (notice n° 1571975)
[ vue normale ]
| 000 -LEADER | |
|---|---|
| fixed length control field | 01056cam a2200157 4500500 |
| 005 - DATE AND TIME OF LATEST TRANSACTION | |
| control field | 20251214021338.0 |
| 041 ## - LANGUAGE CODE | |
| Language code of text/sound track or separate title | fre |
| 042 ## - AUTHENTICATION CODE | |
| Authentication code | dc |
| 100 10 - MAIN ENTRY--PERSONAL NAME | |
| Personal name | Pregno, Gilbert |
| Relator term | author |
| 245 00 - TITLE STATEMENT | |
| Title | Páginas iniciales |
| 260 ## - PUBLICATION, DISTRIBUTION, ETC. | |
| Date of publication, distribution, etc. | 2025.<br/> |
| 500 ## - GENERAL NOTE | |
| General note | 51 |
| 520 ## - SUMMARY, ETC. | |
| Summary, etc. | En casa de herrero cuchillo de palo… ¿Cómo van las cosas en casa de los sistémicos, en lo que a transmisión se refiere? ¿Son los sistémicos, especialistas en relaciones, ciclos de vida y cambio, una excepción a la regla? En un momento en que los pioneros de la sistémica en Europa se enfrentan al reto de transmitir su herencia y sus instituciones, el CERAS de Grenoble, fundado en 1980, ha optado por la reubicación geográfica y la apertura a nuevas personas. Un miembro de la nueva asociación, con sede en la región de Nouvelle-Aquitaine, relata este exitoso traspaso. |
| 786 0# - DATA SOURCE ENTRY | |
| Note | Travail, genre et sociétés | 54 | 2 | 2025-11-21 | p. 2-4 | 1294-6303 |
| 856 41 - ELECTRONIC LOCATION AND ACCESS | |
| Uniform Resource Identifier | <a href="https://shs.cairn.info/revista-travail-genre-et-societes-2025-2-page-2?lang=es&redirect-ssocas=7080">https://shs.cairn.info/revista-travail-genre-et-societes-2025-2-page-2?lang=es&redirect-ssocas=7080</a> |
Pas d'exemplaire disponible.




Réseaux sociaux